000
00240nam a2200109Ia 4500
008
190216s9999||||xx |||||||||||||| ||und||
100
_a
Thomas T Ambat
245
0
_a
Karinthel
260
_b
Current Books
650
_a
Malayalam
942
_c
BK
999
_c
26513
_d
26513